Foods beginning with H - Statistics

General Stats
  • This quiz has been taken 147 times
  • The average score is 6 of 11
Answer Stats
Picture Answer % Correct
Honey
93%
Ham
81%
Hummus
81%
Haribo
78%
Hazelnuts
66%
Honeydew
64%
Halibut
47%
Haddock
34%
Hollandaise
34%
Hash Brown
21%
Haricot beans
13%
No matching quizzes found
Score Distribution
Percent of People with Each Score
Percentile by Number Answered
Your Score History
You have not taken this quiz